Uloga države u kreditiranju izvoza.

Juhoslovanská banka pre medzinárodnú spoluprácu (JUBMES) - rozhovor o činnosti s jej riaditeľom. Banka financuje vývoz, najmä investičných celkov a budovanie spoločných podnikov v zahraničí. Dovoz úverujú iba vtedy, keď kupujúci nezaplatil v lehote pohľadávku zahraničného dodávateľa. Príklady financ...

Descrizione completa

Salvato in:
Dettagli Bibliografici
Autore principale: Konte, B.
Altri autori: Jurančič, I.
Natura: Capitolo di libro
Lingua:serbo
Soggetti:
Tags: Aggiungi Tag
Nessun Tag, puoi essere il primo ad aggiungerne!!

MARC

LEADER 00000naa a2200000 4500
001 r002321
005 20220819193036.1
041 0 |a srp 
044 |a [YU] 
245 1 0 |a Uloga države u kreditiranju izvoza.  |c B. Konte, I. Jurančič 
520 |a Juhoslovanská banka pre medzinárodnú spoluprácu (JUBMES) - rozhovor o činnosti s jej riaditeľom. Banka financuje vývoz, najmä investičných celkov a budovanie spoločných podnikov v zahraničí. Dovoz úverujú iba vtedy, keď kupujúci nezaplatil v lehote pohľadávku zahraničného dodávateľa. Príklady financovania vývozu do Iraku - ten bol vždy nespoľahlivým partnerom. 
610 2 0 |a úverovanie 
610 2 0 |a vývoz 
610 2 0 |a štát 
610 2 0 |a banky 
610 2 0 |a investície zahraničné 
610 2 0 |a SFRJ 
100 1 |a Konte, B. 
700 1 |a Jurančič, I.